| 000 | 01038nam a22002537a 4500 | ||
|---|---|---|---|
| 005 | 20170124103124.0 | ||
| 010 | _aB-015160 | ||
| 020 |
_c100.00 _a8185826536 |
||
| 035 | _aB-015160 | ||
| 037 | _bCen Lib/Ret | ||
| 040 |
_aDPL _bHN |
||
| 082 |
_a808.4 _bकपूर |
||
| 100 |
_aकपूर, श्यामचन्द्र _945637 |
||
| 245 |
_aहिंदी निबंध सौरभ / _c श्यामचन्द्र कपूर |
||
| 246 |
_aHindi nibandh sourabh _bby Shyamchandra Kapoor |
||
| 260 |
_aनई दिल्ली _bग्रन्थ अकादेमी _c2000 |
||
| 270 |
_a1686,पुराना दरिया गंज _b नई दिल्ली _e110002 |
||
| 300 |
_a154पृष्ठ. _c20सेमी(सजिल्द) |
||
| 650 |
_aहिंदी साहित्य _982743 |
||
| 650 |
_aहिंदी निबंध _982744 |
||
| 650 |
_ahindi literature _982745 |
||
| 650 |
_aHindi Essay _982746 |
||
| 942 |
_2ddc _cHN _h808.4 _mकपूर |
||
| 999 |
_c118970 _d118970 |
||